000 00419 a2200145 4500
005 20250618125259.0
020 _a978-0-07-321055-1
082 _a658.3 LUS
100 _aLUSSIER, N. R
245 _aHuman Relations in Organization: Applications and Skills Building
250 _a7th Ed.
260 _aBoston
_bMcGraw-Hill Irwin
_c2008.
300 _axiv, 678p.:ill.;diagram
_bEndnotes, and Index
_c27cm
942 _2ddc
_cBKS
999 _c4298
_d4298